iGenetics: a molecular approach (Record no. 3521)

MARC details
000 -LEADER
fixed length control field 00622nam a22002297a 4500
003 - CONTROL NUMBER IDENTIFIER
control field OSt
005 - DATE AND TIME OF LATEST TRANSACTION
control field 20160413185555.0
008 - FIXED-LENGTH DATA ELEMENTS--GENERAL INFORMATION
fixed length control field 160413b xxu||||| |||| 00| 0 eng d
020 ## - INTERNATIONAL STANDARD BOOK NUMBER
International Standard Book Number 9780321569769
020 ## - INTERNATIONAL STANDARD BOOK NUMBER
International Standard Book Number 321569768
040 ## - CATALOGING SOURCE
Transcribing agency DDC
082 ## - DEWEY DECIMAL CLASSIFICATION NUMBER
Classification number 572.8 RUS 2010
100 ## - MAIN ENTRY--PERSONAL NAME
Personal name Russell, Peter J.
9 (RLIN) 7855
245 ## - TITLE STATEMENT
Title iGenetics: a molecular approach
250 ## - EDITION STATEMENT
Edition statement 3rd ed.
260 ## - PUBLICATION, DISTRIBUTION, ETC. (IMPRINT)
Place of publication, distribution, etc. San Francisco; Benjamin cummings, 2010
300 ## - PHYSICAL DESCRIPTION
Extent xix,828p; col.ill: 28.5cm
504 ## - BIBLIOGRAPHY, ETC. NOTE
Bibliography, etc Glossary, references, & index included
650 ## - SUBJECT ADDED ENTRY--TOPICAL TERM
Topical term or geographic name as entry element Molecular genetics
9 (RLIN) 7856
650 ## - SUBJECT ADDED ENTRY--TOPICAL TERM
Topical term or geographic name as entry element Biology
9 (RLIN) 5602
942 ## - ADDED ENTRY ELEMENTS (KOHA)
Source of classification or shelving scheme Other/Generic Classification Scheme
Koha item type Open Shelf
Holdings
Withdrawn status Lost status Source of classification or shelving scheme Damaged status Not for loan Home library Current library Date acquired Source of acquisition Inventory number Total Checkouts Full call number Barcode Date last seen Koha item type
    Dewey Decimal Classification     MUST Main Library MUST Main Library 13/04/2016   11/33270   572.8 RUS 2010 2016-0832 13/04/2016 Open Shelf